MARC

LEADER 00000nam0a2200000 4500
001 289104
005 20231102000144.0
020 |a RU  |b 83-74157 
035 |a (RuTPU)RU\TPU\book\313609 
090 |a 289104 
100 |a 20150331d1983 k y0rusy5003 ca 
101 0 |a rus 
102 |a RU 
105 |a a z 001zy 
200 1 |a Металловедение и прочность материалов  |e межвузовский сборник научных трудов  |f Вологодский политехнический институт (ВПИ) ; под ред. М. С. Дрозда 
210 |a Волгоград  |c Изд-во ВПИ  |d 1983 
215 |a 177 с.  |c ил. 
320 |a Библиогр. в конце ст. 
606 1 |a Металловедение  |x Общие вопросы  |2 stltpush  |3 (RuTPU)RU\TPU\subj\42403  |9 62070 
606 1 |a Материалы  |x Прочность  |2 stltpush  |3 (RuTPU)RU\TPU\subj\41288 
610 1 |a металлы 
610 1 |a пластическая деформация 
610 1 |a ударные волны 
610 1 |a обработка 
610 1 |a механика 
610 1 |a прочность 
610 1 |a композитные материалы 
610 1 |a сопротивление материалов 
610 1 |a напряженные состояния 
610 1 |a упругопластическая деформация 
610 1 |a композиционные материалы 
610 1 |a разрушение 
610 1 |a термическая обработка 
610 1 |a конструкционные материалы 
610 1 |a упрочнение 
675 |a 669.017  |v 3 
675 |a 620.22:539.4  |v 3 
702 1 |a Дрозд  |b М. С.  |g Марк Соломонович  |4 340 
712 0 2 |a Вологодский политехнический институт (ВПИ)  |c (1975-1999)  |2 stltpush  |3 (RuTPU)RU\TPU\col\19902 
801 0 |a RU  |b RuMRKP  |c 19950704  |g psbo 
801 1 |a RU  |b 63413507  |c 20150331 
801 2 |a RU  |b 63413507  |c 20180207  |g RCR 
942 |c BK